00768nam a22002057a 450000500170000001000150001702000260003203500140005803700090007208200060008110000300008724500440011725000060016126000480016727001330021530000210034894200200036999900190038995201540040820260602100805.0 aENG-148701 a9789389624694c325.00 aEN-132233 bDBAD aS aNazmi, Ayaz Rasool989246 aThe Isle of Fantasy/cAyaz Rasool Nazmi a1 bVishwakarma Publicationsc2024aMaharashtra a34A/1, Suyog Center, 7th floor, Gultekedi Marketyard Road, Giridhar Bhavan Chowk, e411037bPuneminfo@vpindia.co.ink9168682200 a214p.c21cm (pb) 2ddccENhSmNAZ c216438d216438 001040718FICaDBADbDBADd2026-06-02eDelivery of Books Act Divisiong325.00l0oS NAZpEN-132233r2026-06-02 10:08:24t 1v325.00w2026-06-02yEN